| 000 | 00422nam a2200133Ia 4500 | ||
|---|---|---|---|
| 005 | 20251222144809.0 | ||
| 008 | 251222s9999||||xx |||||||||||||| ||spa|| | ||
| 020 | _a84-89728-98-4 | ||
| 082 | _a378.166/M22 | ||
| 100 | _aManrique de Lara, Luis Mazorra | ||
| 245 | 0 | _aPrimeras Jornadas de Reflexión y Debate sobre las Pruebas de Acceso a la Universidad | |
| 264 | _bUniversidad de Las Palmas de Gran Canaria | ||
| 942 | _cLIB | ||
| 999 |
_c20036 _d20036 |
||